Vývoj vybraných ukazovateľov vo vybraných súkromných nemocniciach

Charakteristika vývoja a trendov vstupných premenných pre hodnotenie efektívnosti vo vybraných súkromných nemocniciach.

Enregistré dans:
Détails bibliographiques
Auteur principal: Lacko, Roman, 1988-
Autres auteurs: Hurný, František
Format: Chapitre de livre
Langue:slovaque
Sujets:
Tags: Ajouter un tag
Pas de tags, Soyez le premier à ajouter un tag!

MARC

LEADER 00000naa a2200000 4500
001 0248340
005 20240502073955.8
041 0 |a slo 
044 |a SK 
245 1 0 |a Vývoj vybraných ukazovateľov vo vybraných súkromných nemocniciach  |c Roman Lacko, František Hurný 
520 |a Charakteristika vývoja a trendov vstupných premenných pre hodnotenie efektívnosti vo vybraných súkromných nemocniciach. 
610 2 0 |a nemocnice 
610 2 0 |a ukazovatele kvalitatívne 
610 2 0 |a efektívnosť ekonomická 
610 2 0 |a hospodárenie finančné 
100 1 |a Lacko, Roman, 1988- 
700 1 |a Hurný, František